Uncovering the hidden harvest valuation methods for woodland and forest resources /

Bibliographic Details
Corporate Author: ProQuest (Firm)
Other Authors: Campbell, B. M. 1953-, Luckert, Martin Karl, 1961-
Format: Electronic eBook
Language:English
Published: London ; Sterling, VA : Earthscan Publications, 2002.
Series:People and plants conservation manuals (Earthscan Publications Ltd.)
Subjects:
Online Access:Click to View
LEADER 01554nam a2200385Ia 4500
001 EBC430014
003 MiAaPQ
005 20200520144314.0
006 m o d |
007 cr cn|||||||||
008 010420s2002 enk sb 000 0 eng d
010 |z  2001002397 
020 |z 1853838098 (pbk.) 
035 |a (MiAaPQ)EBC430014 
035 |a (Au-PeEL)EBL430014 
035 |a (CaPaEBR)ebr10128906 
035 |a (CaONFJC)MIL47559 
035 |a (OCoLC)466434643 
040 |a MiAaPQ  |c MiAaPQ  |d MiAaPQ 
050 4 |a SD393  |b .U48 2002 
082 0 4 |a 634.9/8  |2 21 
245 0 0 |a Uncovering the hidden harvest  |h [electronic resource] :  |b valuation methods for woodland and forest resources /  |c edited by Bruce M. Campbell and Martin K. Luckert. 
260 |a London ;  |a Sterling, VA :  |b Earthscan Publications,  |c 2002. 
300 |a xii, 262 p. 
490 1 |a People and plants conservation manuals 
504 |a Includes bibliographical references. 
533 |a Electronic reproduction. Ann Arbor, MI : ProQuest, 2015. Available via World Wide Web. Access may be limited to ProQuest affiliated libraries. 
650 0 |a Forest products  |x Economic aspects. 
650 0 |a Forests and forestry  |x Economic aspects. 
655 4 |a Electronic books. 
700 1 |a Campbell, B. M.  |q (Bruce Morgan),  |d 1953- 
700 1 |a Luckert, Martin Karl,  |d 1961- 
710 2 |a ProQuest (Firm) 
830 0 |a People and plants conservation manuals (Earthscan Publications Ltd.) 
856 4 0 |u https://ebookcentral.proquest.com/lib/matrademy/detail.action?docID=430014  |z Click to View